000
00299nam a22001337a 4500
008
180919b xxu||||| |||| 00| 0 eng d
020
_a
137233876
041
_a
eng
080
_a
573
100
_a
11
101
_a
BIO
245
_a
Processes of Organic Evolution
_c
Stebbins, G.L
942
_2
udc
_c
BK
999
_c
48016
_d
48016